LEADER 01431nam0-22004451i-450- 001 990005559840203316 005 20110406031313.600 035 $a000555984 035 $aUSA01000555984 035 $a(ALEPH)000555984USA01 035 $a000555984 100 $a20110406d1986-------|0itac50------ba 101 $aita 102 $aIT 105 $a|||| ||||| 200 1 $aLombard street$eil mercato monetario inglese$fWalter Bagehot$gcon un saggio introduttivo di Giuseppe Berta$gtraduzione di Luigi Einaudi 210 $aTorino$cCassa risparmio Torino$dstampa 1986 215 $aXLVI, 197 p.$d22 cm 225 2$aSaggi di economia. - Torino 300 $aEd. fuori commercio 300 $aIn custodia 410 1$12001$aSaggi di economia. - Torino 606 $aMercati monetari$xGran Bretagna$2FI 620 $dTorino 676 $a332.109421$cBanche e servizi bancari. Londra$v21 700 1$aBAGEHOT,$bWalter$0120041 702 1$aBERTA,$bGiuseppe$f<1952- > 702 1$aEINAUDI,$bLuigi 712 $aCassa risparmio Torino 801 $aIT$bSOL$c20120104 912 $a990005559840203316 950 $aDIP.TO SCIENZE ECONOMICHE - (SA)$dDS 300 332.109421 BAG$eFPP24 DISES 951 $a300 332.109421 BAG$b24 DISES 959 $aBK 969 $aDISES 979 $c20121027$lUSA01$h1533 979 $c20121027$lUSA01$h1613 996 $aLombard Street$9419196 997 $aUNISA NUM $aUSA20143 LEADER 00984nam0-22003371i-450 001 990007922900403321 005 20230622123958.0 010 $a0-415-24170-7 035 $a000792290 035 $aFED01000792290 035 $a(Aleph)000792290FED01 035 $a000792290 100 $a20040927d2002----km-y0itay50------ba 101 0 $aeng 102 $aGB 105 $aa---j---001yy 200 1 $aEnvironmental modelling with GIS and remote sensing$fedited by Andrew Skidmore 210 $aLondon$cTaylor & Francis$dc2002 215 $aXVIII, 268 p.$cill.$d23 cm 610 0 $aBioecologia 676 $a574.5$v20$zita 676 $a363.7$v23$zita 702 1$aSkidmore,$bAndrew 801 0$aIT$bUNINA$gRICA$2UNIMARC 901 $aBK 912 $a990007922900403321 952 $a60 363.7 SKIA 2002$b9613$fFAGBC 952 $a60 363.7 SKIA 2002 BIS$b9879$fFAGBC 959 $aFAGBC 996 $aEnvironmental modelling with GIS and remote sensing$9669607 997 $aUNINA